| 000 | nam a22 a 4500 | ||
|---|---|---|---|
| 999 |
_c444038 _d444038 |
||
| 003 | BLK | ||
| 005 | 20220208102401.0 | ||
| 008 | 220208b bu |||||r|||| 00| | bu d | ||
| 040 | _aBLK | ||
| 041 |
_aBUL _cBUL |
||
| 080 |
_aГребни спортове _b797.12 _z797.12 |
||
| 139 | _aГребане | ||
| 245 |
_aГребане _b Състез. правила |
||
| 260 |
_9216430 _aСофия _bФизкултура _c1950 |
||
| 300 |
_a52 с. _c16 см |
||
| 380 | _a79 | ||
| 650 | 7 |
_9152601 _aГребане |
|
| 653 | 7 |
_9184390 _aгребане |
|
| 653 | 7 |
_9197889 _aсъстезателни правила |
|
| 852 |
_aЦб I 1151 _bО |
||
| 942 |
_cKNG _n0 _s1 |
||
| 944 |
_aCR _c2022-02-08 _kХристина Везирева |
||